Historia de los jóvenes

Shranjeno v:
Bibliografske podrobnosti
Main Authors: Ago, Renata (Author), Crouzet-Pavan, Elisabeth (Author), Fraschetti, Augusto (Author), Horowitz, Elliott (Author), Marchello-Nizia, Christiane (Author), Schindler, Norbert (Author), Schnapp, Alain (Author), Caron, Jean-Claude (Author), Fabre, Daniel (Author), Loriga, Sabina (Author), Luzzato, Sergio (Author), Perrot, Michelle (Author), Romano, Giovanni (Author), Levi, Giovanni (Author), Schmitt, Jean-Claude (Author)
Drugi avtorji: Pastoureau, Michel (autor), Malvano, Laura (autora), Michaud, Eric (autor), Passerini, Luisa (autora)
Format: Knjiga
Jezik:španščina
Izdano: Madrid, España Taurus 1996
Serija:Pensamiento
Teme:
Oznake: Označite
Brez oznak, prvi označite!

MARC

LEADER 00000cam a2200000 a 4500
001 UCO6986
003 CL-VaPUC
005 20230321171950.0
008 001103e19960000SP |||||||||||||||||spa|d
999 |c 292219  |d 292217 
040 |c Pontificia Universidad Católica de Valparaíso 
082 0 4 |a 305.23 AGO 1996  |2 21 
100 0 |a Ago, Renata  |e author  |9 451599 
245 1 0 |a Historia de los jóvenes 
260 |a Madrid, España  |b Taurus  |c 1996 
300 |a volúmenes 
490 0 |a Pensamiento 
500 |a v.1: De la antigüedad a la edad moderna 
500 |a v.2: La edad contemporánea 
583 |a last modification  |c 20160520 09:13:55  |k Rodrigo Vera 
650 0 |a Grupos sociales  |9 268887 
650 0 |a Historia cultural  |9 353068 
650 7 |a JUVENTUD  |2 CL-VaPUC  |9 451618  |x HISTORIA 
700 0 |a Crouzet-Pavan, Elisabeth  |e author  |9 451600 
700 0 |a Fraschetti, Augusto  |e author  |9 451601 
700 0 |a Horowitz, Elliott  |e author  |9 451602 
700 0 |a Marchello-Nizia, Christiane  |e author  |9 451603 
700 |a Pastoureau, Michel  |e autor  |9 596792 
700 0 |a Schindler, Norbert  |e author  |9 451605 
700 0 |a Schnapp, Alain  |e author  |9 451606 
700 0 |a Caron, Jean-Claude  |e author  |9 451607 
700 0 |a Fabre, Daniel  |e author  |9 451608 
700 0 |a Loriga, Sabina  |e author  |9 451609 
700 0 |a Luzzato, Sergio  |e author  |9 451610 
700 |a Malvano, Laura  |e autora  |9 573255 
700 |a Michaud, Eric  |e autor  |9 451612 
700 |a Passerini, Luisa  |e autora  |9 451613 
700 0 |a Perrot, Michelle  |e author  |9 451614 
700 0 |a Romano, Giovanni  |e author  |9 451615 
700 0 |a Levi, Giovanni  |e author  |9 451616 
700 0 |a Schmitt, Jean-Claude  |e author  |9 451617 
942 |c BK  |2 ddc 
945 |d 20001103 00:00:00  |a vberengu 
952 |0 0  |1 0  |2 ddc  |4 0  |6 305_230000000000000_AGO_1996  |7 0  |8 A  |9 342916  |a BIBHIS  |b BIBHIS  |d 2019-11-20  |h v.1  |i 3664546  |o 305.23 AGO 1996  |p 3664546  |r 2025-01-20  |t 1  |w 2019-11-20  |y BK  |k HIS 
952 |0 0  |1 0  |2 ddc  |4 0  |6 305_230000000000000_AGO_1996  |7 0  |8 A  |9 342917  |a BIBHIS  |b BIBHIS  |d 2019-11-20  |h v.2  |i 3765296  |l 1  |o 305.23 AGO 1996  |p 3765296  |r 2025-04-04  |s 2025-04-04  |t 1  |w 2019-11-20  |y BK  |k HIS 
952 |0 0  |1 0  |2 ddc  |3 erd  |4 0  |6 305_230000000000000_AGO_1996  |7 0  |8 A  |9 342918  |a FDOHBE  |b FDOHBE  |e Huesbe Llanos, Marco Antonio, 1934-  |h v.1  |i 5305098  |o 305.23 AGO 1996  |p 5305098  |r 2024-01-30  |t 2  |w 2019-11-20  |y BK  |z Catalogado en:20160520  |k HBE